000 01210cam a22003374a 4500
008 080229s2007 mx ab b f000 0 spa c
020 _a9707225262 (pbk.)
020 _a9789707225268 (pbk.)
040 _aTOZ
_cTOZ
_dDLC
043 _an-mx---
050 0 0 _aF1219.1.Q37
_bM85 2007
092 0 _a972.00497
_b M9673
_221
099 _a0\
_a972.00497 M9673
100 1 _aMunoz Espinosa, Marâia Teresa.
245 1 0 _aCultura e historia de la Sierra Gorda de Querâetaro /
_cMarâia Teresa Munoz Espinosa.
250 _a1. ed.
260 _aMâexico, D.F. :
_bCONACYT :
_bPlaza y Valdâes,
_c2007.
300 _a216 p. :
_bill., maps ;
_c23 cm.
490 1 _aAntropologâia
504 _aIncludes bibliographical references (p. 207-216).
650 0 _aExcavations (Archaeology)
_zMexico
_zQuerâetaro (State)
650 0 _aIndian pottery
_zMexico
_zQuerâetaro (State)
650 0 _aIndians of Mexico
_zMexico
_zQuerâetaro (State)
_xAntiquities.
651 0 _aQuerâetaro (Mexico : State)
_xAntiquities.
651 0 _aSierra Gorda (Mexico)
_xAntiquities.
830 0 _aAntropologâia (Plaza y Valdâes (Firm))
902 _a1
905 _aEman
_eRev
905 _aJamal
_eCat.
942 _2ddc
_cBK
999 _c108784
_d108784